000 00515nam a2200157 i 4500
001 50551
003 ES-MaACL
007 t|
008 030805s1954 sp ||||1| spa d
100 1 _aCuartero Martín, Joaquín.
_941917
245 1 0 _aTécnica Fiscal de la empresa, con ejercicios resueltos y contabilidad sobre Tributación /
_cJoaquín Cuartero Martín.
250 _a[1ª ed.].
260 _a[Logroño :
_bs.n.,
_c1954] (
_fImp. Moderna)
300 _a380 p. ;
_c22 cm.
852 _aES-MaACL
_jC-8254
_bR.36464
999 _c50551
_d50551